| 000 | 00462nam a2200157Ia 4500 | ||
|---|---|---|---|
| 008 | 240729s9999 xx 000 0 und d | ||
| 022 | _a1748-2631 | ||
| 245 | 0 | _aInternational Journal of Qualitative Studies on Health & Well-Being | |
| 260 | _aUnited Kingdom | ||
| 260 | _bTaylor & Francis Group | ||
| 650 | _a Medicine (General) | ||
| 650 | _aMedicine | ||
| 856 | _uhttps://doaj.org/toc/cf503a37a63b45acac28e69d0c61795e | ||
| 942 | _2ddc | ||
| 942 | _cDOAJEJ | ||
| 999 |
_c69573 _d69573 |
||
| 945 |
_a1 _bMadushi Gamage _c1 _dMadushi Gamage |
||